01789nam a2200289 a 450000100100000000500170001000800410002704000250006808200190009311101130011224500500022526001060027530000210038150000560040250503400045859000260079865000790082465000230090365000540092665000590098071000340103991000370107395201320111095201170124295201230135999900170148200001628520251113124908.0100303s1997 dr a 001 0 spa d aDO-SdBNPbspacBNPHU a370.115bS471e2 aSeminario de Educación y Sociedadn(2º :d1996: sept. 6-7,cSanto Domingo, República Dominicana)93636110aEducación, ciudadanía y derechos humanos. aSanto Domingo :bCentro Cultural ProvedabProyecto para el Apoyo a Iniciativas Democráticas,c1997. a244 p. ;c21 cm. aIncluye bibliografía y notas al pie de páginas.0 gA manera de presentación --tEducación, ciudadanía y derechos humanos --tLa educación para los derechos humanos, su transversalidad e incorporación de los proyectos educativos --tDerechos humanos, democracia y desarrollo hacia un documento de agenda --tInforme sobre el desarrollo del seminario --gDebates --gApéndice. aInventariado, 2018/LP 4aEducación para los derechos humanosvCONGRESOS, CONFERENCIAS, ETC.96368 0aCiudadanía96372 4aEducaciónvCONGRESOS, CONFERENCIAS, ETC.936362 4aDerechos humanosvCONGRESOS, CONFERENCIAS, ETC.93636322aCentro Cultural Poveda.96374 aValidado. Control de calidad EMS 001054708DSaGRbGRcHDd2011-03-07iLF1l0o370.115 S471ep16285-30r2020-06-25te. 3w2020-06-25yLFDSZPréstamo en sala 0010718PDaPDbPDcHDd2010-03-03iLF1l0o370.115 S471ep16285-10r2020-06-25w2020-06-25yLFPDZNo se presta 0010718PDaPDbPDcHDd2011-03-07iLF1l0o370.115 S471ep16285-20r2020-06-25te. 2w2020-06-25yLFPDZNo se presta c15820d15820